00654nam a2200229 a 4500001001300000003000900013005001700022008004100039020000900080082001700089100001100106245003100117260004400148300001000192500003500202650002800237700001100265902000800276942000700284952011600291999001700407nice12345678IN_TiNIC20260116014541.0140722s1996 newa grp 000 0 eng  ac6000a150.075bOSH aOsho,  aPsychology of the Esoteric aNew Delhi bDiamond Pocket Books c1996 a170p  aincludes index and biblioraphy aPsychology-Evolutionary1 aOsho,  bSRS cBK 001040708StackRoom-aHMIbHMId2005-01-01g60.00l0o150.075 OSHp024506r2005-01-01v60.00w2014-07-22yBK c15921d15921